<?xml version="1.0" encoding="UTF-8"?>
<record
    xmlns:xsi="http://www.w3.org/2001/XMLSchema-instance"
    xsi:schemaLocation="http://www.loc.gov/MARC21/slim http://www.loc.gov/standards/marcxml/schema/MARC21slim.xsd"
    xmlns="http://www.loc.gov/MARC21/slim">

  <leader>00680cam a22002171a 4500</leader>
  <controlfield tag="001">ne 63002570 </controlfield>
  <controlfield tag="003">DLC</controlfield>
  <controlfield tag="005">20260227111753.0</controlfield>
  <controlfield tag="008">920610s1963    ua       b    000 0 ararc</controlfield>
  <datafield tag="010" ind1=" " ind2=" ">
    <subfield code="a">ne 63002570 </subfield>
  </datafield>
  <datafield tag="035" ind1=" " ind2=" ">
    <subfield code="a">(OCoLC)25982778</subfield>
  </datafield>
  <datafield tag="040" ind1=" " ind2=" ">
    <subfield code="a">Princeton Univ. Libr. for DLC</subfield>
    <subfield code="c">MWalB</subfield>
    <subfield code="d">MWalB</subfield>
    <subfield code="d">DLC</subfield>
  </datafield>
  <datafield tag="042" ind1=" " ind2=" ">
    <subfield code="a">premarc</subfield>
  </datafield>
  <datafield tag="050" ind1="0" ind2="0">
    <subfield code="a">KRM2250</subfield>
    <subfield code="b">.J37 1963</subfield>
  </datafield>
  <datafield tag="100" ind1="1" ind2=" ">
    <subfield code="a">Jarf, &#x1E6C;u&#x2BB;aymah &#x2BB;Abd al-&#x1E24;am&#x12B;d,</subfield>
    <subfield code="d">1925-</subfield>
  </datafield>
  <datafield tag="245" ind1="1" ind2="0">
    <subfield code="a">Mabda&#x2BB; al-mashr&#x16B;&#x2BB;&#x12B;yah /</subfield>
    <subfield code="c">&#x1E6C;u&#x2BB;aymah al-Jarf.</subfield>
  </datafield>
  <datafield tag="260" ind1=" " ind2=" ">
    <subfield code="a">[al-Q&#x101;hirah] :</subfield>
    <subfield code="b">Maktabat al-Q&#x101;hirah al-&#x1E24;ad&#x12B;thah,</subfield>
    <subfield code="c">1963.</subfield>
  </datafield>
  <datafield tag="300" ind1=" " ind2=" ">
    <subfield code="a">302 p. ;</subfield>
    <subfield code="c">24 cm.</subfield>
  </datafield>
  <datafield tag="504" ind1=" " ind2=" ">
    <subfield code="a">Includes bibliographical references.</subfield>
  </datafield>
  <datafield tag="650" ind1=" " ind2="0">
    <subfield code="a">State, The.</subfield>
  </datafield>
  <datafield tag="999" ind1=" " ind2=" ">
    <subfield code="c">46501</subfield>
    <subfield code="d">46501</subfield>
  </datafield>
</record>
